La lluvia amarilla

Збережено в:
Бібліографічні деталі
Автор: Llamazares, Julio
Формат: Книга
Мова:Undetermined
Опубліковано: Barcelona, España Seix Barral 1998
Предмети:
Теги: Додати тег
Немає тегів, Будьте першим, хто поставить тег для цього запису!

MARC

LEADER 00000nam a2200000Ia 4500
008 170316s9999 xx 000 0 und d
040 |a cru BVZT 
090 |a 862 L-29Lu 
100 |a Llamazares, Julio 
245 |a La lluvia amarilla 
260 |a Barcelona, España 
260 |b Seix Barral 
260 |c 1998 
300 |a 145 páginas 
650 |a LITERATURA ESPAÑOLA 
650 |a NOVELA 
999 |c 10081  |d 10081 
942 |c 15 D  |h 862 L-29Lu  |2 z